| 000 | 00493nam a2200169Ia 4500 | ||
|---|---|---|---|
| 005 | 20140609131828.0 | ||
| 008 | 140529s9999 xx 000 0 und d | ||
| 020 | _a9710822357 | ||
| 050 |
_aPE 1146 _b.L39 1977 |
||
| 100 | _aLeslie, Louis A. | ||
| 245 |
_a20,000 words : _bspelled and divided for quick reference / _cLouis A. Leslie |
||
| 250 | _a7th ed. | ||
| 260 |
_aNew York : _bGregg Division, McGraw-Hill, _cc1977. |
||
| 300 |
_a250 p. ; _c14 cm. |
||
| 942 |
_cBK _2lcc |
||
| 999 |
_c117823 _d117823 |
||